| 000 | 00561nam a2200217Ia 4500 | ||
|---|---|---|---|
| 003 | OSt | ||
| 005 | 20240506044017.0 | ||
| 008 | 210329s9999||||xx |||||||||||||| ||und|| | ||
| 020 | _a978019954919 | ||
| 040 | _cSTCPL | ||
| 041 | _aENG | ||
| 082 |
_a282 _bGER-C |
||
| 100 | _aO'Collins, Gerald | ||
| 245 | 0 |
_aCatholicism : _bA very short introduction / _cby Gerald O'Collins |
|
| 260 |
_aNew York : _bOxford University press , _c2008 . |
||
| 300 |
_a142 p. _bPB |
||
| 650 | _aEnglish literature | ||
| 650 | _aCatholicism | ||
| 942 | _cBK | ||
| 942 | _2ddc | ||
| 999 |
_c61185 _d61185 |
||